00261nam a2200097 4500082001800000100001200018245003200030260003100062300000800093650006200101 a547.00724 KEM aKEMP,W. aPractical Organic Chemistry aLondonbMc Grow Hillc1967 a145 aChemistryaOrganic ChemistryaPractical Organic Chemistry